| 000 | 00951nam2a2200253 4500 | ||
|---|---|---|---|
| 001 | RU\NLR\bibl\1727895 | ||
| 005 | 20250616074639.0 | ||
| 010 |
_a978-5-9614-1417-2 _92000 |
||
| 021 |
_aRU _b2010-101651 _96870 |
||
| 035 | _a(NLR Aleph) 001718859 | ||
| 090 |
_a1326869 _c1326869 |
||
| 100 | _a20110127d2010 |||y0rusy50 ca | ||
| 101 | 1 |
_arus _ceng |
|
| 102 | _aRU | ||
| 105 | _aa ||||||||| | ||
| 200 | 1 |
_aНепротиворечие _fпер. с англ. [Ю. Соколова] |
|
| 210 |
_d2010 _aБ. м. |
||
| 215 | _a401 с. | ||
| 461 | 0 |
_1001RU\NLR\bibl\1732781 _12001#$aАтлант расправил плечи$vЧ. 1 _91356019 _aРэнд, Э. (1905-1982) _cМосква _d2010 _fАйн Рэнд _nАльпина Паблишерз _o[роман : в 3 ч.] _tАтлант расправил плечи _y978-5-9614-1456-1 _vЧ. 1 |
|
| 801 | 0 |
_aRU _bNLR _c20110127 _gRCR |
|
| 801 | 1 |
_aRU _bNLR _c20110127 |
|
| 942 | _cBOOK | ||
| 980 | _aNB | ||